000 00384nam a22001577a 4500
999 _c7784
_d7784
003 GBCCL
005 20241126110636.0
008 180921b ||||| |||| 00| 0 eng d
040 _cGBC
082 _aVER 230
_bPHU
100 _aPhungzapao, N
_97264
245 _aEvangelical convention saptuam thu upte
260 _aLamka :
_bEBC,
_c1995.
300 _a154p. ;
942 _2ddc
_cBK
_01